MARC

LEADER 00000nam0a2200000 4500
001 250611
005 20231101232559.0
035 |a (RuTPU)RU\TPU\book\272826 
090 |a 250611 
100 |a 20140214d1985 k y0rusy50 ca 
101 0 |a rus 
102 |a RU 
105 |a y z 001zy 
200 1 |a Трудовые коллективы Сибири : проблемы формирования и развития  |f Академия наук СССР (АН СССР), Сибирское отделение (СО), Институт истории, филологии и философии ; под ред. В. В. Алексеева 
210 |a Новосибирск  |c Наука  |d 1985 
215 |a 158 с. 
320 |a Библиогр.: с. 153-154. 
606 1 |a Труд на предприятиях  |2 stltpush  |3 (RuTPU)RU\TPU\subj\61965  |9 79126 
610 1 |a трудовые коллективы 
610 1 |a Сибирь 
610 1 |a формирование 
610 1 |a кадры 
610 1 |a подготовка 
610 1 |a социальная динамика 
675 |a 658.3  |v 3 
702 1 |a Алексеев  |b В. В.  |4 340 
712 0 2 |a Академия наук СССР (АН СССР)  |b Сибирское отделение (СО)  |b Институт истории, филологии и философии  |c (Новосибирск)  |2 stltpush  |3 (RuTPU)RU\TPU\col\11501 
801 1 |a RU  |b 63413507  |c 20140214 
801 2 |a RU  |b 63413507  |c 20160815  |g RCR 
942 |c BK